LEADER 01290nam a2200301 i 4500 001 000000132738 003 CaOOAMICUS 005 20060327000000.0 008 060327s1974 it u000 u ita u 013 $a105747 040 $aSeMil$bita 100 1 $aFurlani, Silvio.$0(OLS)http://semarc/name/54611 240 10$aÖsterreich und Italien : ein bilaterales Geschichtsbuch.$0(OLS)http://semarc/title/194903 245 10$aAustria e Italia :$bstoria a due voci /$cSilvio Furlani [e] Adam Wandruszka. 260 $aBologna :$bCappelli,$ccopyr. 1974. 300 $a231 p. ;$c21 cm. 490 0 $aSaggi Cappelli 500 $aFondo Ciprandi. 650 4$aAustria - Relazioni con l'Italia - Sec. 18.-20.$0(OLS)http://semarc/subject/26118 650 4$aItalia e Austria - Sec. 18.-20.$0(OLS)http://semarc/subject/26119 700 1 $aWandruszka, Adam,$d<1914-1997>.$0(OLS)http://semarc/name/9734 830 0$aSaggi Cappelli.$0(OLS)http://semarc/title/11624 850 $aSeMil 852 $aSeMil$W1$xVenegono$y1$m3U II 481$j86640$B86640$CSeMilBibl$Z2$F110056 $81 941 1 $a1 961 $aOmaggio: Ciprandi dott. Paolo 996 $6245$aAustria e Italia :$bstoria a due voci$9(OLS)http://semarc/title/194902 996 $6260$aBologna :$bCappelli$9(OLS)http://semarc/publisher/29689 LEADER 00657nam a2200205 i 4500 001 000000233968 003 CaOOAMICUS 005 20141001000000.0 008 141001n it u000 u ita u 013 $a212871 040 $aSeMil$bita 245 10$a2. 300 $aP. 393-780 :$bill. 500 $aFondo card. Giovanni Colombo. 773 0 $tSacerdote nella storia e nella vita.$dRoma : Centro editoriale d'iniziativa, 1962.$w()30616 850 $aSeMil 852 $aSeMil$W1$xVenegono$y1$m3GC VIII 16$j184314$B184314$CSeMilBibl$Z2$F195296 $8B 941 1 $a3 961 $aLascito: Colombo Card. Giovanni 996 $6245$a2$9(OLS)http://semarc/title/46889